000 00489nam a2200181Ia 4500
005 20250923150243.0
008 008 250917s9999 xx 000 0 eng d
037 _aTextual
040 _aDSWL
_beng
_cDSWL
041 _aeng
_2eng
084 _aY15.2, P6
_qDSWL
100 _aKishwar, M
_9843935
245 0 _aOff the beaten track
_cby M Kishwar
260 _aNew Delhi
_b Oxford
_c2006
300 _a290 p.
942 _cTEXL
_hY15.2, P6
999 _c1461331
_d1461331